[Event "SR 2. liga A 2016/2017"]
[Site "?"]
[Date "2017.03.12"]
[Round "11.2"]
[White "Lintner, Igor"]
[Black "Ruckschloss, Karol"]
[Result "1/2-1/2"]
[WhiteElo "2250"]
[BlackElo "2231"]
[PlyCount "27"]
[EventDate "2016.??.??"]

1. e4 e6 2. d4 d5 3. Nc3 dxe4 4. Nxe4 Nd7 5. Nf3 Ngf6 6. Nxf6+ Nxf6 7. Bd3 c5
8. O-O cxd4 9. Nxd4 Be7 10. Re1 a6 11. a4 Bd7 12. Bf4 Qb6 13. Nb3 Bc6 14. a5
1/2-1/2

[Event "SR 2. liga A 2016/2017"]
[Site "?"]
[Date "2017.03.12"]
[Round "11.2"]
[White "Janos, Martin"]
[Black "Macko, Peter"]
[Result "0-1"]
[WhiteElo "2220"]
[BlackElo "2035"]
[PlyCount "78"]
[EventDate "2016.??.??"]

1. e4 e5 2. Nc3 Nf6 3. f4 d5 4. fxe5 Nxe4 5. Nf3 Nc6 6. d3 Nxc3 7. bxc3 d4 8.
cxd4 Nxd4 9. c3 Nxf3+ 10. Qxf3 Be7 11. Be2 O-O 12. Qe4 f6 13. O-O fxe5 14. Be3
Bf6 15. d4 exd4 16. Bc4+ Kh8 17. Bd3 g6 18. Rxf6 dxe3 19. Rxg6 hxg6 20. Qxg6
Qh4 21. g3 Qh3 22. Rf1 Bd7 23. Rf7 Rxf7 24. Qxf7 Be6 25. Qxc7 Qh6 26. Qe5+ Kg8
27. g4 Bf7 28. Qd4 Re8 29. Be2 Qh4 30. Qd3 Qf2+ 31. Kh1 Qf4 32. h4 Qe4+ 33.
Qxe4 Rxe4 34. Kg2 Rf4 35. Bf3 Bxa2 36. Kg3 Rf8 37. g5 Bc4 38. h5 e2 39. Kf2
Rxf3+ 0-1

[Event "SR 2. liga A 2016/2017"]
[Site "?"]
[Date "2017.03.12"]
[Round "11.2"]
[White "Bednar, Jan"]
[Black "Tepper, Frantisek"]
[Result "1/2-1/2"]
[WhiteElo "2073"]
[BlackElo "2066"]
[PlyCount "60"]
[EventDate "2016.??.??"]

1. e4 e5 2. Nf3 Nc6 3. Bb5 f5 4. d3 fxe4 5. dxe4 Nf6 6. O-O Bc5 7. Nc3 O-O 8.
Bg5 d6 9. Bc4+ Kh8 10. h3 Na5 11. Bd3 Be6 12. a3 Nc6 13. Na4 Bb6 14. Nxb6 axb6
15. Nh4 Qd7 16. Qd2 Nh5 17. f4 Nxf4 18. Bxf4 exf4 19. Rxf4 Rxf4 20. Qxf4 Ne5
21. Rf1 Qe7 22. Nf5 Qf6 23. Qc1 Qg6 24. Qe3 Re8 25. Be2 Bxf5 26. exf5 Qf7 27.
Qg5 Qf6 28. Qd2 Nc6 29. c3 Qe5 30. Bf3 Qxf5 1/2-1/2

[Event "SR 2. liga A 2016/2017"]
[Site "?"]
[Date "2017.03.12"]
[Round "11.2"]
[White "Janos, Jozef"]
[Black "Macka, Oto"]
[Result "1-0"]
[WhiteElo "2128"]
[BlackElo "2036"]
[PlyCount "87"]
[EventDate "2016.??.??"]

1. c4 Nf6 2. Nc3 g6 3. d4 Bg7 4. e4 d6 5. f3 O-O 6. Be3 Nbd7 7. Qd2 e5 8. Nge2
c6 9. d5 Ne8 10. g4 Nb6 11. b3 f5 12. gxf5 gxf5 13. O-O-O f4 14. Bf2 Nd7 15.
dxc6 bxc6 16. c5 Rf6 17. Na4 Qc7 18. Nec3 Bf8 19. Bc4+ Kh8 20. Rhg1 Ng7 21. Bh4
dxc5 22. Qf2 Rd6 23. Rxd6 Qxd6 24. Qg2 Nb6 25. Nb2 Nxc4 26. Nxc4 Qe6 27. Qg5
Bd7 28. Qxe5 Qxe5 29. Nxe5 Be8 30. Bf6 h6 31. Ne2 Kh7 32. Nxf4 Nh5 33. Nxh5
Bxh5 34. Nd7 Bxf3 35. e5 Bd5 36. Nxf8+ Rxf8 37. Rg7+ Kh8 38. Rxa7+ Kg8 39. Rg7+
Kh8 40. Kb2 h5 41. Kc3 Be4 42. Kc4 Bd5+ 43. Kxc5 Be4 44. a4 1-0

[Event "SR 2. liga A 2016/2017"]
[Site "?"]
[Date "2017.03.12"]
[Round "11.2"]
[White "Orolin, Peter"]
[Black "Kolcak, Marek"]
[Result "0-1"]
[WhiteElo "2026"]
[BlackElo "2159"]
[PlyCount "50"]
[EventDate "2016.??.??"]

1. Nf3 f5 2. d4 Nf6 3. c4 e6 4. Nc3 d5 5. Bg5 Be7 6. e3 O-O 7. Bd3 c6 8. O-O b6
9. Rc1 Bb7 10. Qc2 Na6 11. a3 Rc8 12. cxd5 Nxd5 13. Bxe7 Nxe7 14. b4 Nc7 15. e4
Qe8 16. Rfe1 Qh5 17. exf5 Nxf5 18. Be4 Nd6 19. Qa4 Nxe4 20. Nxe4 c5 21. dxc5
Bxe4 22. Rxe4 Rxf3 23. Qd7 Rff8 24. cxb6 axb6 25. Rec4 Rcd8 0-1

[Event "SR 2. liga A 2016/2017"]
[Site "?"]
[Date "2017.03.12"]
[Round "11.2"]
[White "Fabry, Robert"]
[Black "Helbich, Branislav"]
[Result "1/2-1/2"]
[WhiteElo "2108"]
[BlackElo "1952"]
[PlyCount "106"]
[EventDate "2016.??.??"]

1. Nf3 Nf6 2. b3 d5 3. Bb2 c5 4. e3 Nc6 5. d4 e6 6. Be2 b6 7. O-O Bb7 8. Nbd2
Bd6 9. Ne5 Qc7 10. f4 O-O 11. a3 Rac8 12. Bd3 Ne7 13. Qe2 Ne4 14. Bxe4 dxe4 15.
Nec4 Rfd8 16. dxc5 Bxc5 17. Be5 Qc6 18. b4 b5 19. Na5 Qb6 20. bxc5 Qxa5 21. Nb3
Qa6 22. Rfc1 Bd5 23. a4 Bc4 24. Qe1 bxa4 25. Qb4 Nd5 26. Qxa4 Qxa4 27. Rxa4 Bb5
28. Rxe4 f6 29. Bd6 Nc3 30. Rb4 Ne2+ 31. Kf2 Nxc1 32. Rxb5 Nxb3 33. cxb3 Rd7
34. e4 f5 35. e5 Kf7 36. b4 Rc6 37. Rb8 a6 38. Ra8 Rb7 39. h3 Kg6 40. g4 Rxb4
41. Re8 fxg4 42. hxg4 Rxf4+ 43. Kg3 Rf7 44. Rxe6+ Kg5 45. Re8 Rb7 46. e6 Kf6
47. g5+ Kf5 48. e7 Ke6 49. Rg8 Rxe7 50. Bxe7 Kxe7 51. Rxg7+ Ke6 52. Rxh7 Kf5
53. Rh6 Rxc5 1/2-1/2

[Event "SR 2. liga A 2016/2017"]
[Site "?"]
[Date "2017.03.12"]
[Round "11.2"]
[White "Goga, Frantisek"]
[Black "Mikulas, Dusan"]
[Result "1/2-1/2"]
[WhiteElo "1967"]
[BlackElo "2073"]
[PlyCount "108"]
[EventDate "2016.??.??"]

1. e4 c5 2. Nf3 d6 3. d4 cxd4 4. Nxd4 Nf6 5. Nc3 Nc6 6. Nxc6 bxc6 7. Bd3 g6 8.
O-O Bg7 9. Qe2 O-O 10. h3 Rb8 11. Rb1 Nd7 12. Nd1 Nc5 13. c4 f5 14. f3 f4 15.
b3 Ne6 16. Bb2 Bd4+ 17. Bxd4 Nxd4 18. Qf2 e5 19. Nc3 a5 20. Ne2 Ne6 21. Rfd1 c5
22. Nc3 Ba6 23. Bf1 Nd4 24. Ne2 Qb6 25. Nc3 Qd8 26. Ne2 g5 27. Nxd4 exd4 28.
Qc2 Qf6 29. Bd3 h5 30. Re1 Bc8 31. Re2 g4 32. Rbe1 Qe5 33. Kh2 Kh8 34. hxg4
hxg4 35. Rh1 Rb7 36. Kg1+ Rh7 37. Rxh7+ Kxh7 38. Kf1 Kg7 39. Ke1 Qh5 40. Rf2
Qh4 41. Qe2 Rh8 42. Kd2 g3 43. Rf1 Qf6 44. Rg1 Bd7 45. Qe1 a4 46. Kc2 Rh2 47.
Qa5 axb3+ 48. Kxb3 Rh8 49. Qc7 Qe7 50. Kb2 Rc8 51. Qa7 Qd8 52. Ka1 Qc7 53. Qxc7
Rxc7 54. Rh1 Kf6 1/2-1/2

[Event "SR 2. liga A 2016/2017"]
[Site "?"]
[Date "2017.03.12"]
[Round "11.2"]
[White "Kuna, Vladimir"]
[Black "Suchansky, Jakub"]
[Result "1-0"]
[WhiteElo "2014"]
[BlackElo "1921"]
[PlyCount "91"]
[EventDate "2016.??.??"]

1. d4 Nf6 2. Nf3 g6 3. c4 Bg7 4. Nc3 O-O 5. e3 c5 6. Be2 cxd4 7. exd4 d5 8.
cxd5 Nxd5 9. O-O Nc6 10. Qb3 e6 11. Nxd5 Qxd5 12. Qxd5 exd5 13. Be3 Bg4 14.
Rfd1 Rad8 15. Rac1 f5 16. g3 h6 17. Kg2 g5 18. Ng1 Bxe2 19. Nxe2 Rde8 20. Rc5
f4 21. gxf4 gxf4 22. Nxf4 Bxd4 23. Bxd4 Rxf4 24. Rxd5 Re2 25. Be3 Rb4 26. Kf3
Rbxb2 27. Rg1+ Kf7 28. a3 Rec2 29. Rh5 Rb3 30. Rxh6 Rxa3 31. Rh7+ Ke6 32. Rg6+
Kf5 33. Rg5+ Kf6 34. Rh6+ Kf7 35. h4 Rc4 36. Rh7+ Ke6 37. Rh6+ Kf7 38. Rd5 Nd4+
39. Kg2 Nc2 40. Rd7+ Ke8 41. Rxb7 Nxe3+ 42. fxe3 Rg4+ 43. Kf3 Rg8 44. Rhh7 Rf8+
45. Ke2 Ra2+ 46. Kd3 1-0

[Event "SR 2. liga A 2016/2017"]
[Site "?"]
[Date "2017.03.12"]
[Round "11.3"]
[White "Puskar, Peter"]
[Black "Bronis, Marian"]
[Result "1/2-1/2"]
[WhiteElo "2198"]
[BlackElo "2085"]
[PlyCount "82"]
[EventDate "2016.??.??"]

1. d4 d5 2. Nf3 Nc6 3. g3 Bg4 4. Bg2 Qd7 5. O-O O-O-O 6. c3 f6 7. b4 e6 8. a4
Kb8 9. Nbd2 Bd6 10. Nb3 Ka8 11. Ba3 Nge7 12. Qd2 Nc8 13. Nc5 Bxc5 14. dxc5 Bxf3
15. exf3 Ne5 16. b5 Nc4 17. Qe2 Nxa3 18. Rxa3 Qe7 19. Qe3 Nb6 20. Raa1 Nc4 21.
Qe2 Qxc5 22. f4 Rhe8 23. Qh5 h6 24. Qg6 Re7 25. Rfe1 e5 26. fxe5 fxe5 27. Ra2
e4 28. Kh1 Ne5 29. Qh5 Qxc3 30. Rd1 Nf3 31. a5 Qb3 32. Rda1 Qxb5 33. Bxf3 exf3
34. Qxf3 d4 35. a6 c6 36. axb7+ Rxb7 37. Ra5 Qb6 38. Ra6 Qb5 39. Rxc6 d3 40.
Rd6 Rxd6 41. Qf8+ Rd8 1/2-1/2

[Event "SR 2. liga A 2016/2017"]
[Site "?"]
[Date "2017.03.12"]
[Round "11.3"]
[White "Sturdik, Igor"]
[Black "Biro, Karol"]
[Result "0-1"]
[WhiteElo "1958"]
[BlackElo "2082"]
[PlyCount "106"]
[EventDate "2016.??.??"]

1. e4 d5 2. exd5 Qxd5 3. Nc3 Qa5 4. d4 Nf6 5. Nf3 c6 6. h3 Bf5 7. Bd3 Bxd3 8.
Qxd3 Qa6 9. Qxa6 Nxa6 10. Bf4 e6 11. O-O-O Be7 12. Rhe1 Nd5 13. Nxd5 cxd5 14.
Kb1 Rc8 15. a3 O-O 16. Ne5 Nb8 17. Rd3 Nc6 18. Nxc6 Rxc6 19. c3 b5 20. Rg3 Rfc8
21. Be5 f6 22. Bf4 Kf7 23. Bd2 a5 24. Rge3 Bf8 25. Rd3 Rb8 26. Rc1 Bd6 27. Ka2
Rbc8 28. Kb1 Rc4 29. b3 R4c6 30. Kb2 a4 31. b4 Re8 32. Re1 h5 33. Rf3 Bf8 34.
g4 Bd6 35. g5 Rcc8 36. Bf4 Bxf4 37. Rxf4 Kg6 38. gxf6 gxf6 39. Rg1+ Kf7 40. Kc2
Rg8 41. Rg3 Rxg3 42. fxg3 Kg6 43. Kd3 e5 44. dxe5 fxe5 45. Rf1 Rd8 46. Ke3 Rc8
47. Kd3 Rc4 48. Rf2 e4+ 49. Kd2 d4 50. cxd4 Rxd4+ 51. Ke3 Rd3+ 52. Kxe4 Rxa3
53. Rf5 Re3+ 0-1

[Event "SR 2. liga A 2016/2017"]
[Site "?"]
[Date "2017.03.12"]
[Round "11.3"]
[White "Janos, Ivan"]
[Black "Mosny, Jaroslav"]
[Result "1/2-1/2"]
[WhiteElo "2048"]
[BlackElo "1961"]
[PlyCount "81"]
[EventDate "2016.??.??"]

1. e4 e5 2. Nf3 d6 3. Bc4 Be7 4. c3 Nf6 5. Qe2 O-O 6. d4 Nc6 7. h3 h6 8. O-O
Nh7 9. Rd1 Qe8 10. Nbd2 Ng5 11. Nxg5 Bxg5 12. Nf3 Bxc1 13. Raxc1 Qe7 14. Re1
Qf6 15. Rcd1 Ne7 16. Nh2 Ng6 17. Qf3 Nf4 18. Qg3 g5 19. Ng4 Qg7 20. Ne3 Be6 21.
Bxe6 fxe6 22. dxe5 Qxe5 23. Ng4 Qg7 24. e5 dxe5 25. Nxe5 Rad8 26. Nd3 Rxd3 27.
Rxd3 Nxd3 28. Qxd3 Qf6 29. Qe3 Kg7 30. Rd1 b6 31. Rd4 Qf5 32. Re4 Rf6 33. f3 c5
34. Kh2 Qd5 35. b3 Qd6+ 36. Kg1 Qd1+ 37. Qe1 Qxe1+ 38. Rxe1 Kf7 39. Kf2 Rf5 40.
c4 Ke7 41. Rd1 1/2-1/2

[Event "SR 2. liga A 2016/2017"]
[Site "?"]
[Date "2017.03.12"]
[Round "11.3"]
[White "Doucha, Ludvig"]
[Black "Povysil, Peter"]
[Result "0-1"]
[WhiteElo "1900"]
[BlackElo "1985"]
[PlyCount "58"]
[EventDate "2016.??.??"]

1. e4 e6 2. d4 d5 3. Nc3 Nf6 4. Bg5 Be7 5. Bxf6 Bxf6 6. e5 Be7 7. Qg4 O-O 8.
Bd3 f5 9. Qh3 Nc6 10. Nge2 Nb4 11. O-O-O c5 12. dxc5 Qc7 13. f4 Qxc5 14. a3
Nxd3+ 15. Rxd3 Bd7 16. Nd4 b5 17. g4 b4 18. axb4 Qxb4 19. gxf5 Rab8 20. fxe6
Rxf4 21. Nb3 Rh4 22. Qe3 Bxe6 23. Rd4 Qb6 24. Na4 Qd8 25. Qg3 Rxb3 26. Qxb3
Rxd4 27. Re1 Rb4 28. Qa2 Qa5 29. b3 Rxa4 0-1

[Event "SR 2. liga A 2016/2017"]
[Site "?"]
[Date "2017.03.12"]
[Round "11.3"]
[White "Mandak, Miroslav"]
[Black "Bukovsky, Milan"]
[Result "1-0"]
[WhiteElo "1974"]
[BlackElo "1916"]
[PlyCount "99"]
[EventDate "2016.??.??"]

1. e4 e5 2. Nf3 Nc6 3. Bb5 a6 4. Ba4 Nf6 5. Qe2 d6 6. h3 Be7 7. c3 b5 8. Bb3
O-O 9. O-O Na5 10. Bc2 c5 11. d4 Qc7 12. Bg5 Nc4 13. b3 Nb6 14. d5 c4 15. Rc1
Ne8 16. Bxe7 Qxe7 17. Nbd2 cxb3 18. axb3 f5 19. c4 bxc4 20. Nxc4 Nxc4 21. bxc4
f4 22. Ba4 g5 23. c5 dxc5 24. Bxe8 Rxe8 25. Qc4 g4 26. hxg4 Bxg4 27. d6+ Qe6
28. Nxe5 Qxc4 29. Nxc4 f3 30. e5 fxg2 31. Ne3 Bd7 32. Rxc5 Kf7 33. Kxg2 Rac8
34. Rxc8 Bxc8 35. f4 Ke6 36. Ra5 Rg8+ 37. Kf2 h5 38. f5+ Kd7 39. Nd5 Kd8 40.
Ne7 Rf8 41. Ke3 Bxf5 42. Nxf5 Rxf5 43. Ke4 Rf1 44. Rxa6 Kd7 45. Ra7+ Kd8 46.
Kd5 Rd1+ 47. Ke6 Kc8 48. Rh7 h4 49. Rxh4 Rd2 50. Ke7 1-0

[Event "SR 2. liga A 2016/2017"]
[Site "?"]
[Date "2017.03.12"]
[Round "11.3"]
[White "Bahna, Jan"]
[Black "Kohlmann, Robert"]
[Result "0-1"]
[WhiteElo "1860"]
[BlackElo "2099"]
[PlyCount "74"]
[EventDate "2016.??.??"]

1. e4 c5 2. Nc3 g6 3. g3 Bg7 4. Bg2 Nc6 5. d3 d6 6. Nge2 e6 7. Be3 Nge7 8. Qd2
h5 9. h4 Nd4 10. Nd1 Nxe2 11. Qxe2 Nc6 12. c3 Rb8 13. O-O O-O 14. f4 f5 15.
exf5 exf5 16. Bd5+ Kh7 17. Nf2 Ne7 18. Bf3 Ng8 19. Nh3 Bf6 20. Rae1 Nh6 21.
Ng5+ Kg7 22. d4 b6 23. Rd1 Re8 24. Rfe1 cxd4 25. cxd4 Ng4 26. Bxg4 fxg4 27. d5
Bf5 28. Qd2 Rc8 29. Rc1 Rxc1 30. Qxc1 Qe7 31. Bd2 Qd7 32. Bc3 Rxe1+ 33. Qxe1
Bxc3 34. Qxc3+ Kg8 35. Kf2 Qb5 36. Qd4 Qc5 37. Ke3 Kf8 {time} 0-1

[Event "SR 2. liga A 2016/2017"]
[Site "?"]
[Date "2017.03.12"]
[Round "11.4"]
[White "Sosna, Jan"]
[Black "Sosovicka, Juraj"]
[Result "1/2-1/2"]
[WhiteElo "2347"]
[BlackElo "2153"]
[PlyCount "114"]
[EventDate "2016.??.??"]

1. d4 Nf6 2. Nf3 e6 3. Bg5 h6 4. Bh4 c5 5. e3 d5 6. c3 Nc6 7. Nbd2 Bd6 8. Bd3
O-O 9. O-O e5 10. dxc5 Bxc5 11. e4 Be7 12. Bxf6 Bxf6 13. exd5 Qxd5 14. Ne4 Qd8
15. Re1 Bg4 16. h3 Bh5 17. Ng3 Bxf3 18. Qxf3 g6 19. Rad1 Qe7 20. Bb5 Rac8 21.
Ne4 Bg7 22. Nd6 Rcd8 23. Bxc6 Rxd6 24. Rxd6 Qxd6 25. Bxb7 Rd8 26. Qe2 Qd2 27.
c4 e4 28. Bd5 Qxb2 29. Qxe4 Qd4 30. Qf3 Qf6 31. Qa3 Rb8 32. Qxa7 Rb2 33. a4 Qf4
34. Qe3 Rxf2 35. Qxf4 Rxf4 36. Re8+ Kh7 37. a5 Bd4+ 38. Kh2 Rf6 39. Ra8 Be5+
40. g3 h5 41. Kg2 Bd4 42. Bf3 Kg7 43. a6 g5 44. Rd8 Ba7 45. Rd7 Rxa6 46. Bxh5
Ra2+ 47. Kf3 Rf2+ 48. Kg4 Be3 49. Re7 Bc1 50. c5 Kf8 51. Re5 Rf6 52. Rd5 Be3
53. Re5 Bc1 54. Rd5 Be3 55. Re5 Bc1 56. Rd5 Be3 57. Re5 Bc1 1/2-1/2

[Event "SR 2. liga A 2016/2017"]
[Site "?"]
[Date "2017.03.12"]
[Round "11.4"]
[White "Sosovicka, Matej"]
[Black "Kapusta, Petr"]
[Result "0-1"]
[WhiteElo "2183"]
[BlackElo "2231"]
[PlyCount "114"]
[EventDate "2016.??.??"]

1. e4 c5 2. Nf3 d6 3. d4 cxd4 4. Nxd4 Nf6 5. Nc3 a6 6. Bg5 e6 7. f4 h6 8. Bh4
Nbd7 9. Qf3 Be7 10. O-O-O Qc7 11. Bd3 g5 12. fxg5 Ne5 13. Qe2 Nfg4 14. Nf3 hxg5
15. Bg3 Bd7 16. h3 Nxd3+ 17. Qxd3 Ne5 18. Nxe5 dxe5 19. Bxe5 Qxe5 20. Qxd7+ Kf8
21. Rhf1 b5 22. Qb7 Rb8 23. Qa7 b4 24. Nd5 exd5 25. Rxd5 Qg3 26. Rdf5 Rh7 27.
e5 Rc8 28. e6 Qxg2 29. R5f2 Qc6 30. Qe3 Bc5 31. Rxf7+ Rxf7 32. Rxf7+ Ke8 33.
Qe2 Bd6 34. Rf1 Bf4+ 35. Kb1 Ke7 36. Re1 Qc4 37. Qg2 Rc6 38. h4 Rxe6 39. Qb7+
Kf6 40. hxg5+ Bxg5 41. Qf3+ Qf4 42. Rxe6+ Kxe6 43. Qc6+ Qd6 44. Qe4+ Kf6 45.
Qe2 Bf4 46. Qh5 Be5 47. Qh6+ Ke7 48. Qh7+ Kd8 49. Qg8+ Kc7 50. Qc4+ Kb6 51. a3
bxa3 52. Qb3+ Ka7 53. Qf7+ Qc7 54. Qxc7+ Bxc7 55. bxa3 Kb6 56. Kb2 Ka5 57. Kb3
Bd6 0-1

[Event "SR 2. liga A 2016/2017"]
[Site "?"]
[Date "2017.03.12"]
[Round "11.4"]
[White "Stanec, Stanislav"]
[Black "Oprea, Erik"]
[Result "0-1"]
[WhiteElo "2057"]
[BlackElo "2168"]
[PlyCount "96"]
[EventDate "2016.??.??"]

1. d4 d6 2. c4 Nf6 3. Nc3 c6 4. e4 Nbd7 5. Nf3 e5 6. Be2 Be7 7. O-O Qc7 8. Qc2
Nf8 9. d5 Ng6 10. Bd2 O-O 11. Rac1 Bd7 12. Rfd1 Qc8 13. Qd3 Nh5 14. dxc6 bxc6
15. g3 h6 16. c5 dxc5 17. Bxh6 Bh3 18. Be3 Nhf4 19. Bxf4 Nxf4 20. Qa6 Nxe2+ 21.
Qxe2 Bg4 22. Nb1 Qe6 23. b3 f5 24. Nbd2 Rad8 25. Re1 Rxd2 26. Qxd2 Bxf3 27.
exf5 Qxf5 28. Rc3 e4 29. Qc2 Qh3 30. Rxf3 exf3 31. Qc4+ Rf7 32. Qf1 Qxf1+ 33.
Kxf1 Bf6 34. Re3 Bd4 35. Rd3 a5 36. h3 Kh7 37. Kg1 Kg6 38. Kf1 Rf6 39. Kg1 Kf7
40. a3 Ke6 41. b4 axb4 42. axb4 Kd5 43. bxc5 Kxc5 44. h4 Kd5 45. Rb3 c5 46. Rb7
Re6 47. Rf7 Re1+ 48. Kh2 Rf1 0-1

[Event "SR 2. liga A 2016/2017"]
[Site "?"]
[Date "2017.03.12"]
[Round "11.4"]
[White "Kucera, Michal"]
[Black "Hudacek, Josef"]
[Result "1/2-1/2"]
[WhiteElo "1945"]
[BlackElo "2033"]
[PlyCount "113"]
[EventDate "2016.??.??"]

1. e4 b6 2. d4 Bb7 3. Bd3 e6 4. Nf3 Nf6 5. Nbd2 c5 6. O-O c4 7. Bxc4 Nxe4 8.
Nxe4 Bxe4 9. Re1 Bb7 10. d5 Be7 11. Bb3 O-O 12. c4 Bf6 13. Qe2 Na6 14. Be3 Nc5
15. Bxc5 bxc5 16. Bc2 g6 17. Qd2 exd5 18. cxd5 d6 19. Rab1 a5 20. Ba4 Bc8 21.
Bc6 Rb8 22. b3 Bf5 23. Rbd1 Bg4 24. Qf4 Rb4 25. Re4 Bf5 26. Rc4 Bc8 27. Qe3 Bd7
28. Qd3 Rb6 29. Bxd7 Qxd7 30. Re4 Rb4 31. Rde1 Qf5 32. Qe3 Qxd5 33. Re8 Rb8 34.
Rxb8 Rxb8 35. h4 Kg7 36. g3 Qf5 37. Kg2 Qd5 38. Kh2 Rb4 39. Re2 Bd4 40. Qd3 a4
41. bxa4 Rxa4 42. Qb3 Qxb3 43. axb3 Rb4 44. Rd2 Bf6 45. Rxd6 Rxb3 46. Kg2 c4
47. g4 c3 48. g5 Be7 49. Rc6 Bb4 50. h5 gxh5 51. Nd4 Rb2 52. Nf5+ Kg8 53. Rc8+
Bf8 54. Nh6+ Kg7 55. Nf5+ Kg6 56. Nh4+ Kg7 57. Nf5+ 1/2-1/2

[Event "SR 2. liga A 2016/2017"]
[Site "?"]
[Date "2017.03.12"]
[Round "11.4"]
[White "Londin, Martin"]
[Black "Ochrana, Ladislav"]
[Result "1/2-1/2"]
[WhiteElo "1951"]
[BlackElo "1952"]
[PlyCount "95"]
[EventDate "2016.??.??"]

1. e4 c5 2. Nc3 e6 3. f4 Nc6 4. Bb5 Nd4 5. Nf3 a6 6. Be2 Nxe2 7. Qxe2 b5 8. O-O
Bb7 9. d3 Nf6 10. Bd2 Be7 11. a3 O-O 12. Kh1 d6 13. Qf2 Nd7 14. Rae1 Qc7 15.
Qg3 b4 16. Nd1 bxa3 17. bxa3 d5 18. e5 d4 19. f5 Kh8 20. Bg5 Qd8 21. Bxe7 Qxe7
22. Ng5 exf5 23. Rxf5 h6 24. Nf2 f6 25. Nf3 Bxf3 26. gxf3 fxe5 27. Rxf8+ Rxf8
28. Ng4 Rf5 29. f4 Qe6 30. Nxe5 Qd5+ 31. Qg2 Qxg2+ 32. Kxg2 Nxe5 33. Rxe5 Rxe5
34. fxe5 Kg8 35. Kf3 Kf7 36. h4 g6 37. a4 Ke6 38. Kf4 a5 39. Ke4 g5 40. h5 Ke7
41. Kd5 g4 42. Ke4 Ke6 43. Kf4 g3 44. Kxg3 Kxe5 45. Kg4 Ke6 46. Kf4 Kf6 47. Ke4
Ke6 48. Kf4 1/2-1/2

[Event "SR 2. liga A 2016/2017"]
[Site "?"]
[Date "2017.03.12"]
[Round "11.4"]
[White "Hrubsa, Marian"]
[Black "Gzib, David"]
[Result "1/2-1/2"]
[WhiteElo "1916"]
[BlackElo "1790"]
[PlyCount "91"]
[EventDate "2016.??.??"]

1. e4 c5 2. Nf3 Nc6 3. d4 cxd4 4. Nxd4 g6 5. Bc4 Bg7 6. Nxc6 bxc6 7. O-O d6 8.
c3 Nf6 9. Qe2 d5 10. exd5 cxd5 11. Rd1 O-O 12. Bb3 e6 13. Bg5 Qb6 14. Nd2 Ba6
15. Qf3 Nd7 16. Qh3 Ne5 17. Be3 Qc6 18. Bc2 Bb7 19. Nb3 Nc4 20. Nd4 Bxd4 21.
Rxd4 Nxe3 22. fxe3 e5 23. Rh4 d4 24. Be4 Qb6 25. Rxh7 Bxe4 26. Rh8+ Kg7 27.
Qh6+ Kf6 28. Rxf8 Rxf8 29. Qh4+ Kg7 30. Qxe4 dxe3 31. Qxe5+ f6 32. Qe7+ Rf7 33.
Qb4 Qd8 34. Qd4 Rd7 35. Qxe3 Rd1+ 36. Rxd1 Qxd1+ 37. Kf2 Qc2+ 38. Qe2 Qf5+ 39.
Ke1 Qb1+ 40. Qd1 Qxb2 41. Qd7+ Kf8 42. Qd8+ Kf7 43. Qd5+ Kg7 44. Qd7+ Kf8 45.
Qc8+ Kg7 46. Qd7+ 1/2-1/2

[Event "SR 2. liga A 2016/2017"]
[Site "?"]
[Date "2017.03.12"]
[Round "11.4"]
[White "Jurcak, Marian"]
[Black "Planka, Peter"]
[Result "1-0"]
[WhiteElo "1793"]
[BlackElo "1812"]
[PlyCount "129"]
[EventDate "2016.??.??"]

1. e4 e5 2. Nf3 Nc6 3. Bb5 a6 4. Ba4 Nf6 5. O-O Be7 6. Re1 b5 7. Bb3 d6 8. c3
O-O 9. h3 Na5 10. Bc2 c5 11. d4 Qc7 12. Bg5 cxd4 13. cxd4 Nc4 14. b3 Nb6 15.
Nbd2 Bd7 16. Rc1 Rac8 17. Nf1 Rfe8 18. Ng3 h6 19. Bd2 Bf8 20. Bb1 Qb8 21. Bc3
Rc6 22. Qd2 g6 23. Qb2 exd4 24. Nxd4 Rcc8 25. Nxb5 Nxe4 26. Nxe4 Rxe4 27. Bxe4
axb5 28. Bd4 d5 29. Bf3 Be6 30. Be5 Qb7 31. Qd4 Nd7 32. Rxc8 Qxc8 33. Bxd5 Nxe5
34. Qxe5 Bxd5 35. Qxd5 Qc3 36. Re8 Qc1+ 37. Kh2 Qf4+ 38. g3 Qxf2+ 39. Qg2 Qd4
40. Qe2 b4 41. Qf3 Kg7 42. Re4 Qd2+ 43. Re2 Qd6 44. Qf4 Qd5 45. Qe5+ Qxe5 46.
Rxe5 Kf6 47. Ra5 Ke6 48. Kg2 h5 49. Kf3 Be7 50. Ke4 Bd6 51. Ra6 Ke7 52. g4 hxg4
53. hxg4 Kd7 54. Kd5 Be7 55. Ra7+ Ke8 56. Kc4 Kd8 57. Rxe7 Kxe7 58. Kxb4 Kf6
59. a4 Kg5 60. a5 Kxg4 61. a6 f5 62. a7 f4 63. a8=Q g5 64. Qg2+ Kf5 65. Qh3+
1-0

[Event "SR 2. liga A 2016/2017"]
[Site "?"]
[Date "2017.03.12"]
[Round "11.5"]
[White "Gasa, Patrik"]
[Black "Farkas, Gabor"]
[Result "1-0"]
[WhiteElo "2120"]
[BlackElo "2368"]
[PlyCount "107"]
[EventDate "2016.??.??"]

1. d4 d5 2. Nf3 c6 3. g3 Nf6 4. Bg2 Bf5 5. O-O e6 6. b3 Nbd7 7. Bb2 Be7 8. Nbd2
h6 9. Rc1 Qa5 10. a3 Ne4 11. c4 O-O 12. b4 Qd8 13. Nb3 Nb6 14. Nfd2 Nxd2 15.
Nxd2 a5 16. c5 Nd7 17. b5 e5 18. e4 dxe4 19. bxc6 bxc6 20. Nxe4 Rb8 21. Bc3 Qc7
22. Qa4 Rfe8 23. Nd6 Bxd6 24. cxd6 Qxd6 25. Bxc6 Nb6 26. dxe5 Qg6 27. Qf4 Rec8
28. Bxa5 Bd3 29. Rfd1 Rxc6 30. Rxc6 Qxc6 31. Rxd3 Nc4 32. Bb4 Qe6 33. Qd4 Re8
34. f4 Qa6 35. Rc3 Nb2 36. Rc2 Nd3 37. Rc4 Nxb4 38. axb4 Qa2 39. Qd3 Ra8 40.
Qc2 Qa6 41. h4 Qb7 42. Qe4 Ra1+ 43. Kg2 Ra2+ 44. Kh3 Qd7+ 45. f5 Ra6 46. Rd4
Qe7 47. b5 Ra7 48. b6 Rb7 49. Ra4 f6 50. Ra8+ Kh7 51. Qg4 g5 52. fxg6+ Kg7 53.
Qc8 Kxg6 54. h5+ 1-0

[Event "SR 2. liga A 2016/2017"]
[Site "?"]
[Date "2017.03.12"]
[Round "11.5"]
[White "Balogh, Peter"]
[Black "Spacek, Oliver"]
[Result "1-0"]
[WhiteElo "2277"]
[BlackElo "2211"]
[PlyCount "105"]
[EventDate "2016.??.??"]

1. d4 Nf6 2. c4 c5 3. d5 b5 4. cxb5 a6 5. bxa6 g6 6. Nc3 Bxa6 7. Nf3 Bg7 8. e4
Bxf1 9. Kxf1 d6 10. h3 O-O 11. Kg1 Nbd7 12. Kh2 Ra6 13. Re1 e5 14. Be3 Ne8 15.
Nd2 f5 16. exf5 gxf5 17. f3 Nb6 18. Qe2 Nc7 19. Rad1 Qh4 20. Bxc5 dxc5 21. d6
e4 22. dxc7 Be5+ 23. Kh1 Qg3 24. Nf1 exf3 25. Nxg3 fxe2 26. Ngxe2 Bxc7 27. Ng1
Nc4 28. b3 Ba5 29. Rd3 Rd6 30. Rg3+ Rg6 31. Rxg6+ hxg6 32. Rc1 Nd6 33. Na4 Ne4
34. Ne2 Bd2 35. Rc2 Be3 36. Nac3 Rd8 37. Nxe4 Rd1+ 38. Kh2 fxe4 39. Nc3 Rd4 40.
Re2 Bf4+ 41. g3 Bxg3+ 42. Kxg3 Rd3+ 43. Kf4 Rxc3 44. Re3 Rc2 45. a4 c4 46. bxc4
Rxc4 47. Ra3 Kg7 48. a5 Kh6 49. a6 g5+ 50. Ke3 Rc8 51. a7 Ra8 52. Kxe4 Kh5 53.
Kf3 1-0

[Event "SR 2. liga A 2016/2017"]
[Site "?"]
[Date "2017.03.12"]
[Round "11.5"]
[White "Cajka, Tibor"]
[Black "Gruca, Miroslav"]
[Result "0-1"]
[WhiteElo "2072"]
[BlackElo "2191"]
[PlyCount "131"]
[EventDate "2016.??.??"]

1. e4 c6 2. d4 d5 3. e5 c5 4. c4 Nc6 5. dxc5 d4 6. f4 Bf5 7. Bd3 e6 8. Bxf5
exf5 9. Qd3 Qd7 10. a3 a5 11. Nf3 Bxc5 12. b3 Nge7 13. Bb2 Ng6 14. g3 Rd8 15.
h4 h5 16. O-O Nf8 17. Re1 g6 18. Ng5 Ne6 19. Nxe6 Qxe6 20. Nd2 O-O 21. Nf3 Rfe8
22. Re2 Qe7 23. Ng5 Ra8 24. Kh2 Ra6 25. Nf3 Rd8 26. Rd2 Rd7 27. Qc2 Ra8 28. Kh3
Rad8 29. Rd3 b6 30. Qd2 f6 31. Re1 fxe5 32. fxe5 Kg7 33. Bc1 Rh8 34. Qe2 Qf8
35. Ng5 Nd8 36. e6 Re7 37. Bf4 Nc6 38. Qg2 Qc8 39. Nf7 Rhe8 40. Ng5 Kg8 41. Be5
Nxe5 42. Rxe5 Qb7 43. Qxb7 Rxb7 44. a4 Rbe7 45. Rd5 Kg7 46. Nf3 Rxe6 47. Nxd4
Re3 48. Rd7+ Kf6 49. Nf3 Rxd3 50. Rxd3 Re3 51. Rxe3 Bxe3 52. Kg2 f4 53. gxf4
Bxf4 54. Ne1 g5 55. Nd3 Bd6 56. hxg5+ Kxg5 57. Kf3 Kf5 58. Nf2 Ke5 59. Ne4 Bc5
60. Ng3 h4 61. Ne2 h3 62. Nc3 Kd4 63. Ne2+ Kd3 64. Nf4+ Kc3 65. Ke4 h2 66. Ne2+
0-1

[Event "SR 2. liga A 2016/2017"]
[Site "?"]
[Date "2017.03.12"]
[Round "11.5"]
[White "Slacky, Stanislav"]
[Black "Sefcik, Marek"]
[Result "1/2-1/2"]
[WhiteElo "2231"]
[BlackElo "2011"]
[PlyCount "37"]
[EventDate "2016.??.??"]

1. d4 e6 2. c4 f5 3. Nf3 Nf6 4. g3 d5 5. Bg2 c6 6. O-O Bd6 7. b3 Qe7 8. Bg5
Nbd7 9. Qc2 h6 10. Bd2 Ne4 11. Nc3 Nxd2 12. Nxd2 O-O 13. e3 Nf6 14. f3 e5 15.
cxd5 exd4 16. exd4 Nxd5 17. Nxd5 cxd5 18. Rfe1 Qf6 19. f4 1/2-1/2